书目信息 |
| 题名: |
旅游规划与开发
|
|
| 作者: | 龚绍方 主编 | |
| 分册: | ||
| 出版信息: | 郑州 郑州大学出版社 2007 |
|
| 页数: | 284页 | |
| 开本: | 24cm | |
| 丛书名: | ||
| 单 册: | ||
| 中图分类: | F590.1 , F590.3 | |
| 科图分类: | ||
| 主题词: | 旅游业--经济规划--高等教育--教材 , 旅游业--资源开发--高等教育--教材 , 旅游业 , 经济规划 , 资源开发 | |
| 电子资源: | ||
| ISBN: | 7-81106-288-7 | |
| 000 | 01050nam0 2200313 450 | |
| 001 | 003378799 | |
| 005 | 20070807145843.51 | |
| 010 | @a7-81106-288-7@dCNY28.50 | |
| 035 | @a003378799 | |
| 100 | @a20070305d2007 em y0chiy0110 ea | |
| 101 | 0 | @achi |
| 102 | @aCN@b410000 | |
| 105 | @ay z 000yy | |
| 106 | @ar | |
| 200 | 1 | @a旅游规划与开发@Alv you gui hua yu kai fa@f龚绍方主编@Fgong shao fang zhu bian |
| 210 | @a郑州@c郑州大学出版社@d2007 | |
| 215 | @a284页@d24cm | |
| 300 | @a高等教育旅游管理专业“十一五”规划教材 | |
| 330 | @a本书共分12章,分别对其基本概念和理论、旅游资源、旅游市场、旅游发展战略、旅游地空间体系、旅游产品开发、旅游地形象设计、旅游地营销、旅游投资效益评估、旅游保障系统等问题进行了深入系统的研究。 | |
| 606 | 0 | @a旅游业@x经济规划@x高等教育@j教材 |
| 606 | 0 | @a旅游业@x资源开发@x高等教育@j教材 |
| 606 | 0 | @a旅游业 |
| 606 | 0 | @a经济规划 |
| 606 | 0 | @a资源开发 |
| 690 | @aF590.1@v4 | |
| 690 | @aF590.3@v4 | |
| 701 | 0 | @a龚绍方@Agong shao fang@4主编 |
| 801 | 0 | @aCN@bNLC@c20070807 |
| 905 | @dF590.1@e193@f4 | |
| 旅游规划与开发/龚绍方主编.-郑州:郑州大学出版社,2007 |
| 284页;24cm |
| 高等教育旅游管理专业“十一五”规划教材 |
| ISBN 7-81106-288-7:CNY28.50 |
| 本书共分12章,分别对其基本概念和理论、旅游资源、旅游市场、旅游发展战略、旅游地空间体系、旅游产品开发、旅游地形象设计、旅游地营销、旅游投资效益评估、旅游保障系统等问题进行了深入系统的研究。 |
| ● |
| 相关链接 |
|
|
|
|
正题名:旅游规划与开发
索取号:F590.1/193
 
预约/预借
| 序号 | 登录号 | 条形码 | 馆藏地/架位号 | 状态 | 备注 |
| 1 | 0853989 | 208539893 | 第一样本阅览室/ [索取号:F590.1/193] | 在馆 | |
| 2 | 0853990 | 208539900 | 第一借阅区/ [索取号:F590.1/193] | 在馆 | |
| 3 | 0853991 | 208539919 | 第一借阅区/ [索取号:F590.1/193] | 在馆 | |
| 4 | 0853992 | 208539928 | 第一借阅区/ [索取号:F590.1/193] | 在馆 |